An Introduction to Automata Theory & Formal Languages/ (Record no. 2190)

MARC details
000 -LEADER
Fixed length control field 00465nam a2200169 4500
003 - CONTROL NUMBER IDENTIFIER
Control field SEACOMEC
005 - DATE AND TIME OF LATEST TRANSACTION
Control field 20250414123449.0
008 - FIXED-LENGTH DATA ELEMENTS--GENERAL INFORMATION
Fixed length control field 250414b |||||||| |||| 00| 0 eng d
020 ## - INTERNATIONAL STANDARD BOOK NUMBER / ISBN
International Standard Book Number 978-8188458479
Price 175.00
040 ## - CATALOGING SOURCE
Original cataloging agency SEACOMEC
082 ## - DEWEY DECIMAL CLASSIFICATION NUMBER
Classification number 005.131
Book Number F189
100 ## - MAIN ENTRY--PERSONAL NAME
Personal name Pandey , Adesh K.
245 ## - TITLE STATEMENT
Title An Introduction to Automata Theory & Formal Languages/
Statement of responsibility Adesh K. Pandey
250 ## - EDITION STATEMENT
Edition statement 4th ed
260 ## - IMPRINT
Place of publication Delhi:
Name of publisher S K Kataria,
Date of publication 2008
942 ## - ADDED ENTRY ELEMENTS (KOHA)
Koha item type Books
Holdings
Withdrawn status Lost status Source of classification Damaged status Not for loan Home library Current library Date acquired Total Checkouts Call number Accession number Date last seen Price effective from Koha item type Copy number
    Dewey Decimal Classification     SEACOM ENGINEERING COLLEGE SEACOM ENGINEERING COLLEGE 10/02/2010   005.131 F189 15951 14/04/2025 14/04/2025 Reference Books  
    Dewey Decimal Classification     SEACOM ENGINEERING COLLEGE SEACOM ENGINEERING COLLEGE 10/02/2010   005.131 F189 15952 14/04/2025 14/04/2025 Books 1
    Dewey Decimal Classification     SEACOM ENGINEERING COLLEGE SEACOM ENGINEERING COLLEGE 10/02/2010   005.131 F189 15953 14/04/2025 14/04/2025 Books 2
    Dewey Decimal Classification     SEACOM ENGINEERING COLLEGE SEACOM ENGINEERING COLLEGE 10/02/2010   005.131 F189 15954 14/04/2025 14/04/2025 Books 3
    Dewey Decimal Classification     SEACOM ENGINEERING COLLEGE SEACOM ENGINEERING COLLEGE 10/02/2010   005.131 F189 15955 14/04/2025 14/04/2025 Books 4
© Seacom Engineering College, All rights reserved.      Powered by Koha